LEADER 01288nam a2200301 i 4500 001 991001530209707536 008 111216s1902 uk ||| | lat 020 $a0198145225 035 $ab14029030-39ule_inst 040 $aDip.to Filologia Class. e Scienze Filosofiche$bita 041 0 $alat$agrc 100 1 $aEuripides$0229973 245 10$aEuripidis Fabulae /$cedidit J. Diggle 260 $aOxonii :$bE Typographeo Clarendoniano,$c1994 300 $a482 p. ;$c20 cm 440 0$aScriptorum classicorum bibliotheca Oxoniensis 504 $aContiene riferimenti bibliografici 505 $g1:$tCyclops ; Alcestis ; Medea ; Heraclidae ; Hippolytus ; Andromacha ; Hecuba 505 $g3:$tHelena ; Phoenissae ; Orestes ; Bacchae ; Iphigenia Aulidensis ; Rhesus 546 $aTesto greco 700 1 $aMurray, Gilbert 907 $a.b14029030$b16-12-11$c16-12-11 912 $a991001530209707536 945 $a LE007 Bibl. Oxon. Euripides 04$cv. 1$g1$i2007000220481$lle007$op$pE30.00$q-$rl$s- $t0$u1$v0$w1$x0$y.i15361640$z16-12-11 945 $a LE007 Bibl. Oxon. Euripides 04$cv. 3$g1$i2007000220498$lle007$op$pE45.00$q-$rl$s- $t0$u0$v0$w0$x0$y.i15361652$z16-12-11 996 $aTragoediae$920703 997 $aUNISALENTO 998 $ale007$b01-01-97$cm$da $e-$flat$guk $h0$i0 LEADER 01541oam 2200433zu 450 001 9911019503403321 005 20250821034033.0 010 $a1-118-70389-8 035 $a(CKB)3280000000033736 035 $a(SSID)ssj0000904686 035 $a(PQKBManifestationID)11595455 035 $a(PQKBTitleCode)TC0000904686 035 $a(PQKBWorkID)10923989 035 $a(PQKB)10916497 035 $a(NjHacI)993280000000033736 035 $a(EXLCZ)993280000000033736 100 $a20160829d2013 uy 101 0 $aeng 135 $aur||||||||||| 181 $ctxt 182 $cc 183 $acr 200 10$a76 Ways to Increase Special Event Attendance 210 31$a[Place of publication not identified]$cJossey Bass Imprint$d2013 215 $a1 online resource (46 pages) 300 $aBibliographic Level Mode of Issuance: Monograph 311 08$a1-118-69217-9 330 $aOriginally published by Stevenson, Inc. , this practice resource provides readers with a wide assortment of strategies aimed at increasing attendance for special events. It includes a variety of techniques to promote events and strategies for attracting the intended constituents. 606 $aSpecial events$xPlanning 608 $aHandbooks and manuals.$2lcgft 615 0$aSpecial events$xPlanning. 676 $a394.2 700 $aSpeg$01343079 702 $aStevenson$b Scott C. 801 0$bPQKB 906 $aBOOK 912 $a9911019503403321 996 $a76 Ways to Increase Special Event Attendance$93068944 997 $aUNINA